000 00460nam a22001697a 4500
003 MPLRDC
005 20220104175615.0
008 210129b ||||| |||| 00| 0 eng d
082 _a859.61 MAH v.3
100 _aMUZAFER MAHMUD
245 _aPENGEMBARAAN RAJA YAMAN
_c
260 _a
_bFEP INTERNATIONAL SENDIRIAN BERHAD
_c1980
300 _b
490 _aSIRI CERITA SEJARAH GEMILANG SATU
650 _aSASTERA KANAK-KANAK
942 _cBK
_o859.61 MAH v.3
999 _c60476
_d60466